000 00752nam a2200205 i 4500
001 44276
003 ES-MaACL
005 20250828082135.0
007 t|
008 030321s1985 sp ||||1| spa d
245 0 0 _aCiencia y técnica en la Edad Media /
_cLuis Vicente Díaz Martín ... [et al.].
260 _aValladolid :
_bUniversidad de Valladolid, Instituto de Ciencias de la Educación,
_c[1985]
300 _a137 p. :
_bil. ;
_c24 cm.
490 1 _aTemas de educación ;
_v18
700 1 _aDíaz Martín, Luis Vicente.
_944343
710 2 _aUniversidad de Valladolid.
_bInstituto de Ciencias de la Educación
_94837
830 0 _aTemas de educación ;
_v18
_9229891
852 _aES-MaACL
_jL-11862
_bR.114122
999 _c44276
_d44276